[Event "HUN-chT2 Erkel 1819"]
[Site "Hungary"]
[Date "2019.02.24"]
[Round "6.2"]
[White "Gubics, Peter"]
[Black "Grimm, Gyorgy"]
[Result "1/2-1/2"]
[WhiteElo "2083"]
[BlackElo "2149"]
[PlyCount "28"]
[EventDate "2018.10.28"]
[EventType "team-tourn"]
[EventRounds "9"]
[EventCountry "HUN"]
[SourceTitle "EXT 2021"]
[Source "ChessBase"]
[SourceDate "2020.10.23"]
[SourceVersion "1"]
[SourceVersionDate "2020.10.23"]
[SourceQuality "1"]
[WhiteTeam "Fot"]
[BlackTeam "Budapest EAC"]
[WhiteTeamCountry "HUN"]
[BlackTeamCountry "HUN"]

1. Nf3 d5 2. g3 Nf6 3. Bg2 c6 4. c4 Bg4 5. Qb3 Qb6 6. d3 Nbd7 7. Be3 Qxb3 8. axb3 a6 9. d4 e6 10. 0-0 Bd6 11. Bd2 Ne4 12. Bc3 f5 13. Re1 Bh5 14. Nbd2 0-0 1/2-1/2

[Event "HUN-chT2 Erkel 1718"]
[Site "Hungary"]
[Date "2018.05.06"]
[Round "11.3"]
[White "Gara, Peter"]
[Black "Gubics, Peter"]
[Result "1/2-1/2"]
[WhiteElo "2225"]
[BlackElo "2092"]
[PlyCount "22"]
[EventDate "2017.09.24"]
[EventType "team-tourn"]
[EventRounds "11"]
[EventCountry "HUN"]
[SourceTitle "EXT 2021"]
[Source "ChessBase"]
[SourceDate "2020.10.23"]
[SourceVersion "1"]
[SourceVersionDate "2020.10.23"]
[SourceQuality "1"]
[WhiteTeam "Sarkany DSE"]
[BlackTeam "Fot"]
[WhiteTeamCountry "HUN"]
[BlackTeamCountry "HUN"]

1. e4 e6 2. Nf3 d5 3. e5 c5 4. b4 cxb4 5. a3 bxa3 6. d4 Nc6 7. c3 Bd7 8. Bd3 h6 9. Nxa3 a6 10. 0-0 Na5 11. Ra2 Rc8 1/2-1/2

[Event "HUN-chT2 Erkel 1718"]
[Site "Hungary"]
[Date "2017.10.08"]
[Round "2.3"]
[White "Terbe, Zsuzsanna"]
[Black "Gubics, Peter"]
[Result "1-0"]
[WhiteElo "2136"]
[BlackElo "2092"]
[PlyCount "55"]
[EventDate "2017.09.24"]
[EventType "team-tourn"]
[EventRounds "11"]
[EventCountry "HUN"]
[SourceTitle "EXT 2021"]
[Source "ChessBase"]
[SourceDate "2020.10.23"]
[SourceVersion "1"]
[SourceVersionDate "2020.10.23"]
[SourceQuality "1"]
[WhiteTeam "Budapest MTK II"]
[BlackTeam "Fot"]
[WhiteTeamCountry "HUN"]
[BlackTeamCountry "HUN"]

1. Nf3 Nf6 2. c4 g6 3. Nc3 d5 4. cxd5 Nxd5 5. Qb3 Nb6 6. d4 Bg7 7. e4 0-0 8. Be3 Bg4 9. Rd1 Nc6 10. d5 Ne5 11. Be2 Nxf3+ 12. gxf3 Bh3 13. Rg1 Bd7 14. h4 Qe8 15. Nb5 Rc8 16. Rc1 Bxb5 17. Bxb5 Qd8 18. h5 Qd6 19. Ke2 Qe5 20. hxg6 hxg6 21. Rc2 Qh2 22. Rg3 Rfd8 23. a4 c6 24. dxc6 bxc6 25. Rxc6 Rxc6 26. Bxc6 Be5 27. Rxg6+ Kf8 28. Bh6+ 1-0

[Event "HUN-chT2 Erkel 1617"]
[Site "Hungary"]
[Date "2016.11.27"]
[Round "5.3"]
[White "Gubics, Peter"]
[Black "Kerek, Krisztian"]
[Result "0-1"]
[WhiteElo "2108"]
[BlackElo "2269"]
[PlyCount "106"]
[EventDate "2016.09.25"]
[EventType "team-tourn"]
[EventRounds "11"]
[EventCountry "HUN"]
[SourceTitle "EXT 2021"]
[Source "ChessBase"]
[SourceDate "2020.10.23"]
[SourceVersion "1"]
[SourceVersionDate "2020.10.23"]
[SourceQuality "1"]
[WhiteTeam "Fot"]
[BlackTeam "Szigetszentmiklos"]
[WhiteTeamCountry "HUN"]
[BlackTeamCountry "HUN"]

1. Nf3 Nf6 2. c4 g6 3. g3 Bg7 4. Bg2 c6 5. 0-0 0-0 6. d3 d5 7. Qb3 Re8 8. cxd5 Qxd5 9. Qb4 Na6 10. Qh4 Qh5 11. Qxh5 Nxh5 12. Nc3 h6 13. Bd2 e5 14. Rfc1 f5 15. Rab1 Be6 16. b4 e4 17. dxe4 fxe4 18. Ne1 Rad8 19. Be3 Bxc3 20. Rxc3 Bxa2 21. Rb2 Rd1 22. Rc1 Rxc1 23. Bxc1 Bc4 24. Bxh6 Nf6 25. Be3 Nd5 26. Bxa7 Naxb4 27. Bc5 Na6 28. Bd6 b5 29. Nc2 Nc3 30. e3 Rd8 31. h4 Rxd6 32. Nd4 c5 33. Nb3 Rd1+ 34. Kh2 Bd3 35. f3 Rb1 36. Rxb1 Bxb1 37. Nd2 c4 38. fxe4 Bd3 39. e5 b4 40. g4 b3 41. h5 g5 42. e6 b2 43. Bc6 Nc7 44. e7 Kf7 45. h6 Kxe7 46. e4 Kf7 47. e5 Kg6 48. Bd7 b1Q 49. Nxb1 Nxb1 50. e6 c3 51. e7 c2 52. Bf5+ Bxf5 53. gxf5+ Kxh6 0-1

[Event "HUN-chT2 Erkel 1314"]
[Site "Hungary"]
[Date "2014.04.13"]
[Round "10.7"]
[White "D Albini, Geza"]
[Black "Gubics, Peter"]
[Result "1/2-1/2"]
[WhiteElo "2048"]
[BlackElo "2058"]
[PlyCount "61"]
[EventDate "2013.09.08"]
[EventType "team-tourn"]
[EventRounds "11"]
[EventCountry "HUN"]
[SourceTitle "EXT 2016"]
[Source "ChessBase"]
[SourceDate "2015.10.08"]
[SourceVersion "1"]
[SourceVersionDate "2015.10.08"]
[SourceQuality "1"]
[WhiteTeam "Vizugy"]
[BlackTeam "Fot"]
[WhiteTeamCountry "HUN"]
[BlackTeamCountry "HUN"]

1. c4 Nf6 2. Nc3 d5 3. d4 g6 4. Nf3 Bg7 5. e3 0-0 6. h3 c5 7. Be2 Nc6 8. 0-0 Bf5 9. b3 Rc8 10. Bb2 Qa5 11. Bd3 cxd4 12. exd4 Bxd3 13. Qxd3 Qa6 14. Qe2 Na5 15. c5 Qxe2 16. Nxe2 Ne4 17. Nc3 Rfd8 18. Rfe1 Nxc3 19. Bxc3 Nc6 20. b4 e6 21. Rac1 e5 22. dxe5 d4 23. Bd2 Re8 24. a3 Nxe5 25. Nxe5 Bxe5 26. f4 Bf6 27. Rxe8+ Rxe8 28. Re1 Kf8 29. Rxe8+ Kxe8 30. Kf2 Kd7 31. Ke2 1/2-1/2

[Event "Budapest op 3rd"]
[Site "Budapest"]
[Date "2013.08.23"]
[Round "7"]
[White "Bodrogi, Laszlo"]
[Black "Gubics, Peter"]
[Result "1-0"]
[WhiteElo "2015"]
[BlackElo "2113"]
[PlyCount "181"]
[EventDate "2013.08.17"]
[EventType "swiss"]
[EventRounds "9"]
[EventCountry "HUN"]
[SourceTitle "CBM 156 Extra"]
[Source "ChessBase"]
[SourceDate "2013.10.22"]
[SourceVersion "1"]
[SourceVersionDate "2013.10.22"]
[SourceQuality "1"]

1. d4 Nf6 2. c4 g6 3. Nc3 d5 4. Nf3 Bg7 5. Qb3 dxc4 6. Qxc4 0-0 7. e4 a6 8. Qb3 b5 9. Be2 Bb7 10. e5 Nd5 11. 0-0 c5 12. dxc5 Nxc3 13. Qxc3 Qc7 14. Bf4 a5 15. Bxb5 Na6 16. c6 Bc8 17. Rfe1 Nb4 18. Bg3 Qb6 19. Nd4 Rd8 20. Red1 Bg4 21. c7 Rdc8 22. Rdc1 Ra7 23. Qc5 Qxc5 24. Rxc5 Raxc7 25. Rxc7 Rxc7 26. a3 Nd5 27. Nb3 Rc2 28. Nxa5 Rxb2 29. Bc4 Nc3 30. f3 Bd7 31. Nb3 Bh6 32. Bf2 Na4 33. Nd4 Bf4 34. e6 fxe6 35. Nxe6 Bxe6 36. Bxe6+ Kf8 37. g3 Bd6 38. Rc1 Re2 39. Bb3 Nb2 40. Rc8+ Kg7 41. Kf1 Rd2 42. Rg8+ Kf6 43. Rf8+ Ke5 44. Be1 Rd3 45. f4+ Kd4 46. Bf2+ Kc3 47. Be6 Bxa3 48. Rc8+ Kd2 49. f5 Nd1 50. fxg6 hxg6 51. Be1+ Ke3 52. Rc2 Kf3 53. Rd2 Ne3+ 54. Kg1 Rxd2 55. Bxd2 Bc5 56. Be1 Ng2+ 57. Kf1 Ne3+ 58. Kg1 Nc2+ 59. Kf1 Nxe1 60. Kxe1 Bg1 61. Bd5+ Kg4 62. Be6+ Kf3 63. Bd5+ Ke3 64. Kf1 Bf2 65. Be6 g5 66. Bg4 e5 67. Bh5 e4 68. Bg4 Bxg3 69. hxg3 Kd2 70. Bh5 Ke3 71. Ke1 Kd3 72. Bg4 Ke3 73. Be2 Kd4 74. Kf2 Kd5 75. Ke3 Ke5 76. Bh5 Kf5 77. Bd1 Ke5 78. Bc2 Kf5 79. Bxe4+ Kg4 80. Kf2 Kh3 81. Bf5+ Kh2 82. Kf3 Kg1 83. g4 Kh2 84. Bd3 Kh3 85. Bf1+ Kh4 86. Bb5 Kh3 87. Bd7 Kh4 88. Ke4 Kg3 89. Ke5 Kf3 90. Kf6 Kf4 91. Kg6 1-0

[Event "Budapest op 3rd"]
[Site "Budapest"]
[Date "2013.08.21"]
[Round "5"]
[White "Papagorasz, Takisz"]
[Black "Gubics, Peter"]
[Result "1-0"]
[WhiteElo "2163"]
[BlackElo "2113"]
[PlyCount "105"]
[EventDate "2013.08.17"]
[EventType "swiss"]
[EventRounds "9"]
[EventCountry "HUN"]
[SourceTitle "CBM 156 Extra"]
[Source "ChessBase"]
[SourceDate "2013.10.22"]
[SourceVersion "1"]
[SourceVersionDate "2013.10.22"]
[SourceQuality "1"]

1. d4 Nf6 2. c4 g6 3. Nf3 Bg7 4. Nc3 d5 5. cxd5 Nxd5 6. e4 Nxc3 7. bxc3 c5 8. Rb1 0-0 9. Be2 cxd4 10. cxd4 Qa5+ 11. Bd2 Qxa2 12. 0-0 a5 13. Bg5 a4 14. Ra1 Qe6 15. e5 Rd8 16. Rxa4 Rxa4 17. Qxa4 Bd7 18. Qb4 Nc6 19. Qc5 b6 20. Qxb6 h6 21. Be3 Rc8 22. h3 Qd5 23. Rc1 Rb8 24. Qa6 Nb4 25. Qa3 Bf5 26. Qa7 Qb7 27. Rc7 Qxa7 28. Rxa7 e6 29. g4 Be4 30. Nd2 Bd5 31. Nc4 Nc2 32. Nd6 Rb1+ 33. Bf1 Ne1 34. f4 Ng2 35. Bd2 Nh4 36. Kf2 Rb2 37. Ke3 Rb3+ 38. Bd3 Bf8 39. Rc7 f5 40. Ne8 Ng2+ 41. Ke2 Be7 42. Rxe7 Kf8 43. Rh7 Kxe8 44. Rxh6 g5 45. Bc2 Ra3 46. fxg5 f4 47. g6 f3+ 48. Kf2 Ra2 49. Rh8+ Kd7 50. g7 Rxc2 51. g8Q Rxd2+ 52. Kg3 f2 53. Qc8+ 1-0

[Event "Budapest op 3rd"]
[Site "Budapest"]
[Date "2013.08.19"]
[Round "3"]
[White "Erdos, Boglarka"]
[Black "Gubics, Peter"]
[Result "1-0"]
[WhiteElo "2189"]
[BlackElo "2113"]
[PlyCount "81"]
[EventDate "2013.08.17"]
[EventType "swiss"]
[EventRounds "9"]
[EventCountry "HUN"]
[SourceTitle "CBM 156 Extra"]
[Source "ChessBase"]
[SourceDate "2013.10.22"]
[SourceVersion "1"]
[SourceVersionDate "2013.10.22"]
[SourceQuality "1"]

1. e4 e6 2. d4 d5 3. Nd2 Nf6 4. e5 Nfd7 5. f4 c5 6. c3 Nc6 7. Ndf3 Qb6 8. h4 cxd4 9. cxd4 Bb4+ 10. Kf2 f6 11. Kg3 Be7 12. Nh3 Nf8 13. Bd3 Bd7 14. Be3 0-0-0 15. Qd2 Kb8 16. a3 Na5 17. Qf2 Nb3 18. Rab1 Bb5 19. Qe2 Bxd3 20. Qxd3 Rg8 21. Kh2 h6 22. Rhf1 f5 23. Rf2 Rc8 24. Rg1 Nd7 25. g4 fxg4 26. Rxg4 Na5 27. Rfg2 Nc4 28. b4 Qa6 29. Rxg7 Rxg7 30. Rxg7 Nxe3 31. Qxe3 Qf1 32. Qf2 Qxf2+ 33. Nxf2 Re8 34. Ng4 Nb6 35. Nxh6 Nc4 36. Rg8 Rxg8 37. Nxg8 Bf8 38. Ng5 Nxa3 39. Nxe6 Bxb4 40. h5 Nc2 41. h6 1-0

[Event "Budapest op 3rd"]
[Site "Budapest"]
[Date "2013.08.18"]
[Round "2"]
[White "Gubics, Peter"]
[Black "Adrien, Vincent"]
[Result "1-0"]
[WhiteElo "2113"]
[BlackElo "1994"]
[PlyCount "117"]
[EventDate "2013.08.17"]
[EventType "swiss"]
[EventRounds "9"]
[EventCountry "HUN"]
[SourceTitle "CBM 156 Extra"]
[Source "ChessBase"]
[SourceDate "2013.10.22"]
[SourceVersion "1"]
[SourceVersionDate "2013.10.22"]
[SourceQuality "1"]

1. Nf3 Nf6 2. c4 e6 3. g3 g6 4. Bg2 Bg7 5. 0-0 0-0 6. Nc3 d5 7. d4 c6 8. Bf4 b6 9. Ne5 Nfd7 10. Qa4 Nxe5 11. Bxe5 Bxe5 12. dxe5 Qe7 13. b4 Bb7 14. b5 cxb5 15. Nxb5 Bc6 16. Rac1 a6 17. Qa3 Qxa3 18. Nxa3 dxc4 19. Nxc4 Bxg2 20. Kxg2 b5 21. Nd6 Nd7 22. f4 Nb6 23. e4 Rfd8 24. Rf2 Rab8 25. Rc6 b4 26. Rc7 Rd7 27. Rfc2 a5 28. Rxd7 Nxd7 29. Rc7 Nb6 30. Nxf7 Rc8 31. Nh6+ Kf8 32. Rb7 Rc2+ 33. Kh3 Nc4 34. f5 gxf5 35. exf5 exf5 36. Rb8+ Kg7 37. Nxf5+ Kg6 38. Nd4 Rc3 39. e6 Re3 40. Rc8 Nd6 41. Rc6 Ne8 42. Ra6 Re5 43. e7+ Kf7 44. Nc6 Rc5 45. Nxa5 Kxe7 46. Nb3 Rc2 47. Nd4 Rb2 48. Nc6+ Kf7 49. Ne5+ Kg7 50. Nd3 Rd2 51. Nxb4 h5 52. a4 Nf6 53. Rc6 Rd4 54. Rb6 Rd2 55. a5 Ng4 56. Kh4 Rxh2+ 57. Kg5 Rf2 58. Rb7+ Kf8 59. a6 1-0

[Event "Budapest op 3rd"]
[Site "Budapest"]
[Date "2013.08.17"]
[Round "1"]
[White "Kancz, Csaba"]
[Black "Gubics, Peter"]
[Result "0-1"]
[WhiteElo "1648"]
[BlackElo "2113"]
[PlyCount "50"]
[EventDate "2013.08.17"]
[EventType "swiss"]
[EventRounds "9"]
[EventCountry "HUN"]
[SourceTitle "CBM 156 Extra"]
[Source "ChessBase"]
[SourceDate "2013.10.22"]
[SourceVersion "1"]
[SourceVersionDate "2013.10.22"]
[SourceQuality "1"]

1. d4 Nf6 2. Nf3 g6 3. b3 Bg7 4. Bb2 0-0 5. g3 d5 6. Bg2 Bf5 7. 0-0 Nbd7 8. Nbd2 Ne4 9. e3 c5 10. c4 Rc8 11. Rc1 Qa5 12. a3 cxd4 13. exd4 Bh6 14. b4 Qa6 15. c5 Ndf6 16. Nxe4 dxe4 17. Nd2 Qd3 18. Nxe4 Bxe4 19. Bxe4 Qxd1 20. Rcxd1 Nxe4 21. Rfe1 f5 22. f3 Nd2 23. Kf2 Nc4 24. Rb1 Bg7 25. Red1 Rcd8 0-1

[Event "Budapest Art Pub Cup 1st"]
[Site "Budapest"]
[Date "2013.01.06"]
[Round "6"]
[White "Gubics, Peter"]
[Black "Juhasz, Bela"]
[Result "0-1"]
[WhiteElo "2127"]
[BlackElo "2178"]
[PlyCount "108"]
[EventDate "2013.01.03"]
[EventType "swiss"]
[EventRounds "7"]
[EventCountry "HUN"]
[SourceTitle "EXT 2014"]
[Source "ChessBase"]
[SourceDate "2013.11.20"]
[SourceVersion "1"]
[SourceVersionDate "2013.11.20"]
[SourceQuality "1"]

1. Nf3 Nf6 2. c4 e6 3. g3 b6 4. Bg2 Bb7 5. 0-0 c5 6. Nc3 Be7 7. d4 cxd4 8. Qxd4 d6 9. Rd1 a6 10. b3 Nbd7 11. e4 Qc7 12. Ba3 Nc5 13. e5 dxe5 14. Qxe5 Rc8 15. Qxc7 Rxc7 16. Bxc5 Bxc5 17. Na4 Ke7 18. Nxc5 Rxc5 19. Rd4 Rhc8 20. Rad1 R8c7 21. a4 Bxf3 22. Bxf3 a5 23. Rd6 Nd5 24. b4 axb4 25. R1xd5 exd5 26. Rxb6 dxc4 27. Rxb4 c3 28. Rb1 c2 29. Rc1 Rc4 30. Bd5 Rxa4 31. Bb3 Rb4 32. Rxc2 Rxc2 33. Bxc2 h6 34. h4 Rb2 35. Bd3 Kd6 36. Kg2 Ke5 37. Bc4 f5 38. Kf3 Rc2 39. Bf7 Rc3+ 40. Kg2 g5 41. hxg5 hxg5 42. Be8 Kd4 43. Bf7 Rc5 44. Be6 Kd3 45. Kf3 Kd2 46. g4 Rc3+ 47. Kg2 f4 48. Bd5 Ke1 49. Be4 Rb3 50. Kg1 Rb2 51. f3 Ke2 52. Kg2 Ke3+ 53. Kf1 Rf2+ 54. Kg1 Rxf3 0-1